Every Patriots Running Back Ever - Statistics

General Stats
  • This quiz has been taken 14 times
    12 since last reset
  • The average score is 13 of 139
Answer Stats
Att Yd's TD's Years Player % Correct
788 3,387 42 2013-16 LeGarrette Blount
90%
355 1,424 15 2014-21 James White
80%
120 538 1 2024 Antonio Gibson
60%
873 3,688 41 2004-06 Corey Dillon
50%
891 3,249 17 1988-92 John Stephens
50%
283 1,149 14 2017-20 Rex Burkhead
50%
714 3,093 21 2021-24 Rhamondre Stevenson
50%
705 3,059 25 2011-14 Stevan Ridley
50%
287 1,252 11 2012-17, 19, 21 Brandon Bolden
40%
458 2,124 20 2019-22 Damien Harris
40%
285 1,317 10 2010-12 Danny Woodhead
40%
351 1,627 9 2015-17 Dion Lewis
40%
184 642 3 2023 Ezekiel Elliott
40%
952 4,032 16 1999-2011 Kevin Faulk
40%
34 117 2 2022-23 Kevin Harris
40%
3 14 0 2000 Raymont Harris
40%
511 2,063 14 1974-82 Andy Johnson
30%
108 425 4 2009-10 Fred Taylor
30%
20 69 0 2024 Jamycal Hasty
30%
52 156 2 2020-22 J.J. Taylor
30%
89 412 5 2014 Jonas Gray
30%
2 6 0 1968 Preston Johnson
30%
240 1,036 8 2011-14 Shane Vereen
30%
838 3,237 23 2001-03 Antowain Smith
20%
557 2,247 30 2008-11 BenJarvus Green-Ellis
20%
667 2,759 12 1984-88 Craig James
20%
1,007 4,066 37 1995-97 Curtis Martin
20%
30 114 0 1990-91 George Adams
20%
18 31 5 2013-14, 16-19 James Develin
20%
675 2,799 24 2006-09 Laurence Maroney
20%
26 90 0 1961 Mel West
20%
10 100 1 2022 Pierre Strong
20%
4 20 1 1987 Carl Woods
10%
4 25 0 2018 Jeremy Hill
10%
15 57 0 1974 Joe Wilson
10%
19 71 0 2018 Kenjon Barner
10%
94 378 2 1988-91 Marvin Allen
10%
31 74 2 2015 Steven Jackson
10%
13 33 0 2024 Terrell Jennings
10%
254 896 8 1999 Terry Allen
10%
3 9 0 2023 Ty Montgomery
10%
101 416 2 1960 Alan Miller
0%
28 140 3 1979-80 Allan Clark
0%
22 95 0 1975 Allen Carter
0%
7 14 0 2005 Amos Zereoue
0%
148 590 7 1961-63 Billy Lott
0%
14 59 0 1960 Billy Wells
0%
19 67 1 1994 Blair Thomas
0%
1 1 0 1975 Bobby Anderson
0%
1 7 0 1967 Bobby Leo
0%
50 188 1 1966-67 Bob Cappadona
0%
65 239 0 1970-72 Bob Gladieux
0%
10 15 0 1973 Bob McCall
0%
369 1,294 9 1987-90 Bob Perryman
0%
16 44 0 1987 Bruce Hansen
0%
537 2,235 15 1969-72 Carl Garrett
0%
22 50 0 2004 Cedric Cobbs
0%
14 33 0 1998-2000 Chris Floyd
0%
23 63 1 1980 Chuck Foreman
0%
9 23 0 1987 Chuck McSwain
0%
21 144 1 1962 Claude King
0%
1 -2 0 1973 Claxton Welch
0%
82 287 1 1993-95 Corey Croom
0%
127 461 3 1995-97 Dave Meggett
0%
69 253 0 1997-98 Derrick Cullors
0%
78 363 3 1960 Dick Christy
0%
825 3,408 23 1975-81 Don Calhoun
0%
5 8 0 1990 Don Overton
0%
3 8 0 1975 Doug Dressler
0%
5 13 0 1970 Eddie Ray
0%
9 43 0 1987 Elgin Davis
0%
3 3 0 2003 Fred McCrary
0%
88 215 2 1968 Gene Thomas
0%
2 -2 0 1989 George Wonsley
0%
10 14 0 1961 Gerhard Schwedes
0%
18 35 0 1999-2000 Harold Shaw
0%
60 147 5 1963 Harry Crump
0%
128 466 3 2005-08 Heath Evans
0%
332 1,347 14 1977-81 Horace Ivory
0%
87 257 3 1976-77 Ike Forte
0%
18 53 0 1991 Ivy Joe Hunter
0%
26 58 1 1971-72 Jack Maitland
0%
4 16 0 1960 Jake Crouthamel
0%
19 77 2 1978 James McAlister
0%
2 4 0 1990 Jamie Morris
0%
116 434 3 1964-67 J.D. Garrett
0%
2 10 0 1999 Jerry Ellison
0%
32 204 3 1976-77 Jess Phillips
0%
302 1,078 5 1960-64 Jim Crawford
0%
1,323 5,323 45 1965-71 Jim Nance
0%
30 64 0 1965-67 Joe Bellino
0%
144 597 3 1991-92 Joe Vaughn
0%
15 51 0 2015 Joey Iosefa
0%
155 554 7 1972-74 John Tarver
0%
247 950 3 1972-74 Josh Ashton
0%
171 533 1 2000-02 J.R. Redmond
0%
16 35 0 1996-97 Keith Byars
0%
97 386 1 1992-94 Kevin Turner
0%
33 90 2 2007 Kyle Eckel
0%
80 363 4 2008 LaMont Jordan
0%
35 120 0 1999 Lamont Warren
0%
23 82 0 2003 Larry Centers
0%
781 3,040 15 1960-68 Larry Garron
0%
689 2,437 13 1991-93 Leonard Russell
0%
33 47 0 1975 Leon McQuay
0%
1 1 0 2013 Leon Washington
0%
106 328 2 1994 Leroy Thompson
0%
1 2 0 2012 Lex Hilliard
0%
353 1,298 9 1973-75 Mack Herron
0%
85 245 1 2001-02 Marc Edwards
0%
243 703 8 1994 Marion Butts
0%
186 784 2 1982-83 Mark van Eeghen
0%
71 203 2 1996-97 Marrio Grier
0%
49 170 1 1987 Michael LeBlanc
0%
50 177 5 2003, 2005 Mike Cloud
0%
104 383 5 2017 Mike Gillislee
0%
623 2,445 56 1978-90 Mosi Tatupu
0%
64 107 0 1970-71 Odell Lawson
0%
3 20 1 1989 Patrick Egu
0%
130 532 3 2000-06 Patrick Pass
0%
5 -1 0 1973 Paul Gipson
0%
13 13 1 2004 Rabih Abdullah
0%
94 346 1 1968-69 R.C. Gamble
0%
222 722 6 1986-89 Reggie Dupard
0%
308 1,143 10 1998 Robert Edwards
0%
185 841 4 1982-86 Robert Weathers
0%
429 1,536 9 1960-65 Ron Burton
0%
1,415 5,563 43 1973-82 Sam Cunningham
0%
105 291 2 1992-97 Sam Gash
0%
335 1,495 12 2007-10 Sammy Morris
0%
35 162 0 1992-93 Scott Lockwood
0%
59 262 0 1997-98 Sedrick Shaw
0%
20 74 0 1969-70 Sid Blanks
0%
45 164 0 1963 Tom Neumann
0%
46 122 2 1998-2000 Tony Carter
0%
1,238 4,847 32 1981-87 Tony Collins
0%
290 1,163 5 1980-82 Vargas Ferguson
0%
6 -4 0 1960 Walter Beach
0%
10 16 1 1960 Walt Livingston
0%
No matching quizzes found
Score Distribution
Percent of People with Each Score
Percentile by Number Answered
Your Score History
You have not taken this quiz since the last reset